000 00410cam a22001217a 4500
008 180718b1967 xxu||||| |||| 00| 0 eng d
082 _aA81x54 In2/61/6/Pt7A/2
100 _aCensus of India 1961
245 _aJammu and Kashmir: handicraft tables (rural)
260 _aDelhi
_bThe Manager of Publications
_c1967
300 _a900+p.
440 _aCensus of India 1961. Volume VI, Jammu and Kashmir. Part VII-A (ii)
999 _c484126
_d484126